Current trends in Indian education (Record no. 158649)
[ view plain ]
| 000 -LEADER | |
|---|---|
| fixed length control field | 00434nam a22001337a 4500 |
| 020 ## - INTERNATIONAL STANDARD BOOK NUMBER | |
| ISBN | 8171413110 |
| 082 ## - DEWEY DECIMAL CLASSIFICATION NUMBER | |
| Edition number | 23rd.ed. |
| Classification number | 370.954 CUR |
| 245 ## - TITLE STATEMENT | |
| Title | Current trends in Indian education |
| Statement of responsibility, etc | edited by Digumarti Bhaskara Rao and K R S Sambasiva Rao |
| 260 ## - PUBLICATION, DISTRIBUTION, ETC. (IMPRINT) | |
| Place of publication | New Delhi |
| Name of publisher | Discovery Publishing |
| Year of publication | 1996 |
| 300 ## - PHYSICAL DESCRIPTION | |
| Number of Pages | vii,224p. ; |
| Dimensions | 22cm. |
| 650 ## - SUBJECT ADDED ENTRY--TOPICAL TERM | |
| Topical Term | Education - India |
| 700 ## - ADDED ENTRY--PERSONAL NAME | |
| Personal name | Rao,Digumarti Bhaskara |
| 700 ## - ADDED ENTRY--PERSONAL NAME | |
| Personal name | Rao, K.R.S. Sambasiva |
| Withdrawn status | Lost status | Damaged status | Collection code | Home library | Current library | Shelving location | Date acquired | Full call number | Accession Number | Koha item type | Copy number |
|---|---|---|---|---|---|---|---|---|---|---|---|
| ADULT & CONTINUING EDUCATION | North Eastern Hill University | North Eastern Hill University | General Stacks | 28/03/2015 | 370.954 CUR | 320977 | Books | ||||
| ADULT & CONTINUING EDUCATION | North Eastern Hill University | North Eastern Hill University | General Stacks | 13/08/2015 | 370.954 CUR | 320730 | Books | ;1 |
